000 00298nam a2200121Ia 4500
008 191201s2019 xx 000 0 und d
100 _aSHARMA, Rajani
245 0 _aBharitya k Char Sopan
260 _aN. Delhi
_bHaryana Granth Academy
300 _a136
650 _aGeneral Books
942 _2ddc
_cBK
999 _c6712
_d6712